000 01567cam a22002294a 4500
005 20250605164236.0
008 250528s ||||||||||||||||||||||||d
035 _a21167
020 _a9780273722908
040 _aGR-AtMCL
_bgre
_dGR-AtMCL
_eAACR2
245 1 _aPersonality, Individual Differences and Intelligence / Second Edition
250 _a2nd
260 _bPrentice Hall,
_c2010
300 _a764
520 _aThis book provides a modern, international coverage of the key issues in individual differences research. Preface, Acknowledgements, Personality, Personality Theory in Context, Developments of Freudian Theorizing, Cognitive Personality Theories, Humanistic Personality Theories, The Trait Approach to Personality, Biological Basis of Personality I: Genetic Heritability of Personality and Biological and Physiological Models of Personality, Biological Basis of Personality II: Evolutionary Psychology and Animal Studies of Personality, Intelligence, Theories and Measurement of Intelligence, Heritability and Socially Defined Race Differences in Intelligence, The Application of Personality and Intelligence in Education and the Workplace: The Introduction of Other Intelligences, Further Debates and Applications in Individual Differences, Optimism, Irrational Beliefs, Interpersonal Relationships, Social Attitudes, An Introduction to Psychometric Testing, Glossary, References, Index.
700 1 _aDay Liz
_96311
700 1 _aMacaskill Ann
_96312
700 1 _aMaltby John
_96313
942 _cBK
999 _c6235
_d6235